| 000 | 00539nam a2200145Ia 4500 | ||
|---|---|---|---|
| 008 | 140724s9999 xx 000 0 und d | ||
| 050 |
_aHF 5549.5.T7 _b.Se465 2009 |
||
| 100 | _aSelga, Jerorico. | ||
| 245 | 4 |
_aThe effects of human resource training and development on the productivity of Bibingkinitan and Tea Square / _cJerorica Selga. |
|
| 260 |
_aLas PiƱas, Philippines : _bSouthville International School and Colleges, _cc2009. |
||
| 300 |
_a44 p. : _c28 cm. |
||
| 521 | _aHuman Resource Management | ||
| 942 | _cTH | ||
| 999 |
_c229054 _d229054 |
||